Reading in the content areas #3 / (Record no. 108532)
[ view plain ]
| 000 -LEADER | |
|---|---|
| fixed length control field | 00656nam a2200205 a 4500 |
| 003 - CONTROL NUMBER IDENTIFIER | |
| control field | 0 |
| 005 - DATE AND TIME OF LATEST TRANSACTION | |
| control field | 20240731135604.0 |
| 008 - FIXED-LENGTH DATA ELEMENTS--GENERAL INFORMATION | |
| fixed length control field | 021121s19uu xx 00 eng d |
| 050 ## - LIBRARY OF CONGRESS CALL NUMBER | |
| Classification number | VHS 400 |
| Item number | R 05 |
| 100 ## - MAIN ENTRY--PERSONAL NAME | |
| Personal name | ASCD |
| 245 ## - TITLE STATEMENT | |
| Title | Reading in the content areas #3 / |
| Statement of responsibility, etc | Association for Supervision for Curriculum Development. |
| 260 ## - PUBLICATION, DISTRIBUTION, ETC. (IMPRINT) | |
| Place of publication, distribution, etc | Alexandria, Va : |
| Name of publisher, distributor, etc | Association for Supervision and Curriculum Development, |
| Date of publication, distribution, etc | c2002. |
| 300 ## - PHYSICAL DESCRIPTION | |
| Extent | 3 tapes, 26 min. |
| 500 ## - GENERAL NOTE | |
| General note | Library has 4 copies |
| 650 ## - SUBJECT ADDED ENTRY--TOPICAL TERM | |
| Topical term or geographic name as entry element | Content area reading. |
| 650 ## - SUBJECT ADDED ENTRY--TOPICAL TERM | |
| Topical term or geographic name as entry element | Reading comprehension. |
| 650 ## - SUBJECT ADDED ENTRY--TOPICAL TERM | |
| Topical term or geographic name as entry element | Individualized reading instruction. |
| 942 ## - ADDED ENTRY ELEMENTS (KOHA) | |
| Koha item type | Audio Visual Materials |
| Source of classification or shelving scheme | Library of Congress Classification |
| Withdrawn status | Lost status | Damaged status | Use restrictions | Home library | Current library | Shelving location | Date acquired | Source of acquisition | Total Checkouts | Full call number | Barcode | Date last seen | Price effective from | Koha item type |
|---|---|---|---|---|---|---|---|---|---|---|---|---|---|---|
| Luxembourg Library | Luxembourg Library | Audio Visual Material Section | 12/02/2002 | VHS 400 R 05 | R40005 | 04/14/2014 | 04/14/2014 | Audio Visual Materials |